Tekanan darah tinggi

Bibliographic Details
Main Author: Rahmat Haroun (Author)
Format: Book
Published: Petaling Jaya : Fajar Bakti , 1992
Series:Siri kesihatan popular
Subjects:

MARC

LEADER 00000cam a2200000 7i4500
001 0000008960
005 20040622093000.0
008 021119s1992
020 |a 9676518891 
090 0 0 |a RA645.H9   |b R3 1992 
100 0 |a Rahmat Haroun ,   |e author 
245 1 0 |a Tekanan darah tinggi   |c Rahmat Haroun 
260 2 |a Petaling Jaya :   |b Fajar Bakti ,   |c 1992 
300 |a vi, 72 p. ;   |c 19 cm. 
440 0 0 |a Siri kesihatan popular 
504 |a Bibliografi (ms. 69) 
650 0 |a Hypertension 
999 |a 1000033966   |b Book   |c OPEN SHELF (30 DAYS)   |e Gong Badak Campus 
999 |a 1000033967   |b Book   |c OPEN SHELF (30 DAYS)   |e Gong Badak Campus 
999 |a 1000033968   |b Book   |c OPEN SHELF (30 DAYS)   |e Gong Badak Campus